Αστυγραφία Θεσσαλονίκης : ήτοι τοπογραφική περιγραφή της Θεσσαλονίκης
Saved in:
| Main Author: | |
|---|---|
| Format: | Book |
| Language: | Greek |
| Published: |
Αθήνα :
Εκδόσεις Κουλτούρα,
1978.
|
| Series: | Δημοτική βιβλιοθήκη ;
1 Εκδόσεις Κουλτούρα ; 14 |
| Subjects: | |
| Tags: |
Add Tag
No Tags, Be the first to tag this record!
|
MARC
| LEADER | 00000cam a2200000 i 4500 | ||
|---|---|---|---|
| 001 | 1/96522 | ||
| 008 | 081104s1880 gr | ||| |||| | gre|| | ||
| 035 | |l 10101373 | ||
| 040 | |a GR-MY-UA |b gre |e aacr | ||
| 041 | 0 | |a gre | |
| 082 | 0 | |a 307.120949565 |2 (22) | |
| 100 | 1 | |a Ιωάννου, Μιχαήλ Χ. | |
| 245 | 1 | 0 | |a Αστυγραφία Θεσσαλονίκης : |b ήτοι τοπογραφική περιγραφή της Θεσσαλονίκης / |c υπό Μιχαήλ Χατζή Ιωάννου. |
| 260 | |a Αθήνα : |b Εκδόσεις Κουλτούρα, |c 1978. | ||
| 300 | |a 114 σ. ; |c 21 εκ. | ||
| 490 | 1 | |a (Δημοτική Βιβλιοθήκη ; |v 1) | |
| 490 | 1 | |a (Εκδόσεις Κουλτούρα ; |v 14) | |
| 534 | |p Πανομοιότυπη επανέκδοση του: |t Αστυγραφία Θεσσαλονίκης : ήτοι τοπογραφική περιγραφή της Θεσσαλονίκης, |c Εν Θεσσαλονίκη : εκ του τυπογραφείου "Η Μακεδονία", 1880. | ||
| 504 | |a Ευρετήριο: σ. [111]-114. | ||
| 650 | 0 | 0 | |a Regional planning |z Greece |z Thessalonike |x History. |
| 650 | 0 | 0 | |a City planning |x History |z Greece |z Thessalonike. |
| 651 | 0 | |a Thessalonike (Greece) |x History. | |
| 830 | 0 | |a Δημοτική βιβλιοθήκη ; |v 1 | |
| 830 | 0 | |a Εκδόσεις Κουλτούρα ; |v 14 | |
| 852 | |a INST |b LESVOS |e 20081104 |h 307.120949565 ΙΩΑ |p 005100043383 |q 005100043383 |t BK |y 0 | ||
| 901 | |a BIBL1-2008-3 | ||
| 970 | |a ΚΑΡΑ |b ΓΙΑΣΕΜΗ |z 2008/11/04 | ||